书目信息 |
| 题名: |
新课程生物怎么教
|
|
| 作者: | 郭宏伟 , 吕鹤民 , 张文华 主编 | |
| 分册: | ||
| 出版信息: | 广州 世界图书出版广东有限公司 2011 |
|
| 页数: | 180页 | |
| 开本: | 23cm | |
| 丛书名: | 新课程怎么教丛书 | |
| 单 册: | ||
| 中图分类: | G633.912 , G633.91 | |
| 科图分类: | ||
| 主题词: | 生物课--课堂教学--教学法--中学 , 生物课 , 课堂教学 , 教学法 | |
| 电子资源: | ||
| ISBN: | 978-7-5100-3333-9 | |
| 000 | 01112oam2 2200313 450 | |
| 001 | 2365652065 | |
| 005 | 20231129033248.45 | |
| 010 | @a978-7-5100-3333-9@dCNY38.80 | |
| 100 | @a20120815d2011 em y0chiy50 ea | |
| 101 | 0 | @achi |
| 102 | @aCN@b440000 | |
| 105 | @ay z 000yy | |
| 200 | 1 | @a新课程生物怎么教@Axin ke cheng sheng wu zen me jiao@f郭宏伟,吕鹤民,张文华主编@g本书编写组编著 |
| 210 | @a广州@c世界图书出版广东有限公司@d2011 | |
| 215 | @a180页@d23cm | |
| 225 | 1 | @a新课程怎么教丛书 |
| 330 | @a本书对新课程下的中学生物课的教学进行了研究,汇集了大量来自中学一线教师的生动而鲜活的教育和教学案例,这些案例反映了在新课程标准下教学工作面对的新问题,以及解决这些问题的新途径和新方法。 | |
| 410 | 0 | @12001 @a新课程怎么教丛书 |
| 606 | 0 | @a生物课@x课堂教学@x教学法@x中学 |
| 606 | 0 | @a生物课 |
| 606 | 0 | @a课堂教学 |
| 606 | 0 | @a教学法 |
| 690 | @aG633.912@v5 | |
| 690 | @aG633.91@v4 | |
| 701 | 0 | @a郭宏伟@Aguo hong wei@c(教师)@4主编 |
| 701 | 0 | @a吕鹤民@Alv he min@4主编 |
| 701 | 0 | @a张文华@Azhang wen hua@c(中学教师)@4主编 |
| 801 | 0 | @aCN@b91MARC@c20130904 |
| 905 | @aZUCC@dG633.91@e244 | |
| 新课程生物怎么教/郭宏伟,吕鹤民,张文华主编/本书编写组编著.-广州:世界图书出版广东有限公司,2011 |
| 180页;23cm.-(新课程怎么教丛书) |
| ISBN 978-7-5100-3333-9:CNY38.80 |
| 本书对新课程下的中学生物课的教学进行了研究,汇集了大量来自中学一线教师的生动而鲜活的教育和教学案例,这些案例反映了在新课程标准下教学工作面对的新问题,以及解决这些问题的新途径和新方法。 |
| ● |
| 相关链接 |
|
|
|
正题名:新课程生物怎么教
索取号:G633.91/244
 
预约/预借
| 序号 | 登录号 | 条形码 | 馆藏地/架位号 | 状态 | 备注 |
| 1 | 2001013061 | 2001013061 | 第四书库/四8架A面4层2列/ [索取号:G633.91/244] | 在馆 | |
| 2 | 2001013062 | 2001013062 | 第四书库/四8架A面4层2列/ [索取号:G633.91/244] | 在馆 | |
| 3 | 2001013063 | 2001013063 | 第四书库/四8架A面4层2列/ [索取号:G633.91/244] | 在馆 | |
| 4 | 2001013064 | 2001013064 | 第四书库/四8架A面5层2列/ [索取号:G633.91/244] | 在馆 | |
| 5 | 2001013065 | 2001013065 | 第四书库/四8架A面5层2列/ [索取号:G633.91/244] | 在馆 | |
| 6 | 2001013066 | 2001013066 | 第四书库/四8架A面4层2列/ [索取号:G633.91/244] | 在馆 |